000
00265nam a22001217a 4500
008
170531b xxu||||| |||| 00| 0 eng d
041
_a
eng
080
_a
94(7/8)
100
_a
17
101
_a
SHH
245
_a
AMERICAN HERITAGE
_c
THORADIKE.J.J
942
_2
udc
_c
BK
999
_c
15148
_d
15148